Silvicide control and eradication of bertam

Bibliographic Details
Main Author: Yusoff bin Shariff
Format: Book
Published: Serdang, Selangor : Universiti Pertanian Malaysia , 1994
Subjects:

MARC

LEADER 00000cam a2200000 7i4500
001 0000003897
005 20110819.0
090 0 0 |a R THE 634.97   |b YUSO 1994 
100 0 0 |a Yusoff bin Shariff 
245 0 0 |a Silvicide control and eradication of bertam   |c Yusoff bin Shariff 
260 0 0 |a Serdang, Selangor :   |b Universiti Pertanian Malaysia ,   |c 1994 
300 |a ix, 40 p. :   |b .ill (col.) ;   |c 30 cm. 
500 0 0 |a Bibliography 
500 0 0 |a Thesis: Bac. of Forestry Science, Universiti Pertanian Malaysia (1994) 
650 0 0 |a Bertam 
998 |a JPSM 
999 |a 005601   |b Thesis   |c Reference   |e Default branch